Países que reconocen a Abjasia - Estadísticas

Estadísticas generales
  • Esta prueba ha sido intentada 4 veces
  • La puntuación promedio es 3 de 5
Estadísticas de respuestas
Continente País % Correcto
Europa y Asia Rusia
100%
Oceanía Nauru
67%
América del Norte Nicaragua
67%
América del Sur Venezuela
67%
Asia Siria
33%
No se encontraron pruebas coincidentes
Distribución de puntuación
Porcentaje de gente con cada puntuación
Porcentaje por número respondido
Historial de tus puntuaciones
No has intentado esta prueba.